| 000 | 00784nam a22002057a 4500 | ||
|---|---|---|---|
| 999 |
_c11853 _d11853 |
||
| 003 | AR-CdUCM | ||
| 008 | 190405b ||||| |||| 00| 0 spa d | ||
| 040 |
_aMUNICIPALIDAD PROVINCIAL DEL CUSCO _cBIBLIOTECA MUNICIPAL DEL CUSCO |
||
| 082 |
_22ed. _aES / 373.530 / _bZ37 |
||
| 100 |
_aZapana Brillante, Mario _929423 |
||
| 245 |
_aFísica 5 : _bTeoría y Problemas / |
||
| 260 |
_aLima : _bEscuela Nueva S. A. |
||
| 300 |
_a365 páginas ; _bIlustraciones, mapas _c20cm |
||
| 500 | _aEducación secundaria 5to | ||
| 505 | _aContenido: Sistema de unidades -- Unidades suplementarias de SI -- Múltiplos y submúltiplos del SI -- Modo de usar el SI... | ||
| 650 |
_aAnálisis dimensional _929424 |
||
| 650 |
_aMúltiplos _929425 |
||
| 942 |
_2ddc _cLIBROS |
||
| 945 |
_anom _d2019-04-05 |
||